000 00984cam a22003137a 4500
003 CHAP
005 20220329135607.0
008 971013s1904 r 00010 d
010 _a39040
011 _a40012
035 _a44137
040 _cCHAP
082 _a630.2515
_bP4
100 0 0 _aPecchioni, Gil.
_986440
245 1 3 _aLa industria agraria segĂșn el Sistema Solari
_b: o manual del agricultor moderno
260 _aSevilla :
_b[s.n.],
_c1904
300 _a240 p.
_b: ilus.
490 0 _aBiblioteca Agraria Solariana
_v; 11-12
590 _aBATCH-UPD
_b10
_c20130110
_lUCH01
_h0013
590 _aBATCH-UPD
_b10
_c20130110
_lUCH01
_h1514
590 _aCONVERSION
_b10
_c20130109
_lUCH01
_h1322
650 1 4 _aCultivos y clima.
_930392
650 1 4 _aFertilizantes.
_940447
650 1 4 _aSuelos.
_9110191
830 0 _aBiblioteca Agraria Solariana
_v; 11-12
_912223
901 _aBK
942 _cLIBRO
949 _a630.2515 P4
_bBC
_cBPP
_d33724002115207
_eBPP
_h71088
_i44137
_mD
_si
999 _c39040
_d39040